| 000 | 02597cam a22004814i 4500 | ||
|---|---|---|---|
| 003 | PE-LiUPU | ||
| 005 | 20250731184511.0 | ||
| 008 | 150617s1965 pe r 000 0 spa d | ||
| 035 | _a(Sirsi) a16383 | ||
| 040 |
_aPE-LiUPU _bspa _cPE-LiUPU _dPE-LiUPU _erda |
||
| 049 | _aPRUA | ||
| 082 | 0 | 4 |
_a985.001 _bR616e _221 |
| 100 |
_aRiva-Agüero y Osma, José de la, _d1885-1944. _eautor _92249 |
||
| 245 | 1 | 0 |
_aEstudios de historia peruana : _bLa historia en el Perú / _cJosé De la Riva Agüero; prólogo de Jorge Basadre y notas de César Pacheco Vélez. |
| 264 | 1 |
_aLima : _bPontificia Universidad Católica del Perú, _c1965. |
|
| 300 |
_a544 páginas ; _c22 centímetros. |
||
| 336 |
_atext _2rdacontent |
||
| 337 |
_aunmediated _2rdamedia |
||
| 338 |
_avolume _2rdacarrier |
||
| 490 | 0 |
_a(Obras completas de José de la Riva-Agüero ; _v4) |
|
| 490 | 0 |
_a(Publicaciones del Instituto Riva-Agüero ; _v50) |
|
| 505 | 0 | _aEl padre Blas Valera -- El inca Garcilaso de la Vega. Su vida y carácter -- Cronistas agustinos. Calancha y sus continuadores -- Cronistas franciscanos -- Cronistas dominicos: Fray Juan Meléndez -- Cronistas de otras órdenes -- Vida y obra de Pedro de Peralta -- Examen de la historia de España vindicada -- Don Eusebio de Llano Zapata -- El historiador Alonso de la Cueva, historiador eclesiástico -- El general don Manuel de Mendiburu. Su vida y carácter -- Los impresos del general Mendiburu -- Historia indígena -- la conquista y las guerras civiles de los conquistadores -- Reyes de España -- Virreyes -- Historia literaria -- Guerra de la independencia Hispano-Americana -- Don Mariano Felipe Paz Soldán. Bosquejo de su vida y producciones -- Primer período de la historia del Perú Independiente -- Segundo período de la historia del Perú Independiente -- La Confedreación Perú-Boliviana -- La narración -- Don Sebastián Lorente. | |
| 526 | _aP136 | ||
| 526 | _aP135 | ||
| 526 | _aP134 | ||
| 526 | _aP133 | ||
| 526 | _aP144 | ||
| 526 | _aP143 | ||
| 526 | _aP87 | ||
| 526 | _aP35 | ||
| 526 | _aP20 | ||
| 526 | _aP14 | ||
| 526 | _aP10 | ||
| 526 | _aP06 | ||
| 650 | 0 | 4 |
_aPerú _xHistoria _ySiglo XIX _vCritica literaria. |
| 700 |
_aBasadre, Jorge, _d1903-1980. _92178 |
||
| 700 |
_aPacheco Vélez, César, _d1929-1989. _92256 |
||
| 910 | _ajck | ||
| 942 |
_2ddc _cBK |
||
| 949 |
_a868 D34 _wDEWEY _c1 _i08291 _lCCODEBUL1 _mBUL _r0 _sY _tBOOK _u2015-04-21 _xBIBLIOTECA _zUNKNOWN _0COMPRA _o.STAFF. Colección Ciencias Humanas y Educación |
||
| 980 |
_81 _gALBERTO SANCHEZ Responsable de Automatización |
||
| 999 |
_c12689 _d12689 |
||